Steps to the 21st century

Na minha lista:
Detalhes bibliográficos
Autor principal: Saburo, Okita
Formato: Livro
Idioma:Undetermined
Publicado em: Tokyo The Japan Times 1993
Assuntos:
Tags: Adicionar Tag
Sem tags, seja o primeiro a adicionar uma tag!
Thư viện lưu trữ: Trung tâm Học liệu Trường Đại học Cần Thơ
LEADER 00475nam a2200169Ia 4500
001 CTU_77806
008 210402s9999 xx 000 0 und d
082 |a 338.952 
082 |b O.41 
100 |a Saburo, Okita 
245 0 |a Steps to the 21st century 
245 0 |c Saburo Okita 
260 |a Tokyo 
260 |b The Japan Times 
260 |c 1993 
650 |a Environmental policy,International economic relations 
980 |a Trung tâm Học liệu Trường Đại học Cần Thơ